| 000 | 00753nam a2200205 i 4500 | ||
|---|---|---|---|
| 001 | 46706 | ||
| 003 | ES-MaACL | ||
| 005 | 20230906161431.0 | ||
| 007 | t| | ||
| 008 | 030331s1950 sp ||||1| spa d | ||
| 100 | 1 |
_aRisueño, Antonio. _997477 |
|
| 245 | 1 | 3 |
_aLa extracción del aceite de oliva : _bsus principales problemas técnicos / _cpor Antonio Risueño. |
| 260 |
_aMadrid : _bSindicato Vertical del Olivo, _c1950. |
||
| 300 |
_a155 p. : _bil. ; _c24 cm. |
||
| 594 | _aPrecede al tít.: XIII Congreso Internacional de Oleicultura. | ||
| 650 | 4 |
_aAceite de oliva. _99580 |
|
| 710 | 2 |
_aSindicato Vertical del Olivo. _96618 |
|
| 711 | 2 |
_aCongreso Internacional de Oleicultura ( _n13º. _d1950. _cMadrid-Sevilla) _9449 |
|
| 852 | 4 |
_aES-MaACL _jD-7269 |
|
| 999 |
_c46706 _d46706 |
||